Jobonomics: India's Employment Crisis and What the Future Holds/ (Record no. 177275)

MARC details
000 -LEADER
fixed length control field 00609nam a22001817a 4500
005 - DATE AND TIME OF LATEST TRANSACTION
control field 20210216174232.0
010 ## - LCCN (DPL NO)
LC control number ENG-129001
020 ## - INTERNATIONAL STANDARD BOOK NUMBER
Terms of availability 599.00
International Standard Book Number 978-93-5195-234-3
035 ## - SYSTEM CONTROL NUMBER
System control number EN-112533
037 ## - SOURCE OF ACQUISITION
Source of stock number/acquisition DBAD/PUB
082 ## - DEWEY DECIMAL CLASSIFICATION NUMBER
Classification number 331.10954
100 ## - MAIN ENTRY--PERSONAL NAME
Personal name Das, Gautam
245 ## - TITLE STATEMENT
Title Jobonomics: India's Employment Crisis and What the Future Holds/
Statement of responsibility, etc Gautam Das
260 ## - PUBLICATION, DISTRIBUTION, ETC. (IMPRINT)
Place of publication, distribution, etc Gurugram
Name of publisher, distributor, etc Hachette Book Publishing India Pvt. Ltd.
Date of publication, distribution, etc 2019
270 ## - ADDRESS
City Gurugram
Address 4th/5th Floors, Corporate Centre, Plot No- 94, Sec- 44
Postal code 122003
300 ## - PHYSICAL DESCRIPTION
Extent 286p.
Dimensions 23cm(hbk)
942 ## - ADDED ENTRY ELEMENTS (KOHA)
Source of classification or shelving scheme Dewey Decimal Classification
Item type English Books
Classification part 331.10954
Call number suffix DAS
Holdings
Withdrawn status Lost status Not for loan Collection code Home library Current library Date acquired Source of acquisition Cost, normal purchase price Full call number Barcode Copy number Cost, replacement price Koha item type
      Non-fiction Ashok Vihar Ashok Vihar 16/02/2021 DBAD/PUB 599.00 331.10954 DAS EN-112533 1 599.00 English Books

© Delhi Public Library
Hit Counter
free hit counter